000 00559nai a2200169Ia 4500
003 IN-BaIIA
008 211028c9999 xx s 000 0 eng d
022 _a0079-6786 (Online)
040 _cIIA Library
245 0 _aProgress in Solid State Chemistry
_h[eJournal]
260 _aOxford, U.K
_bPergamon
310 _aQuarterly
362 _a23(1); 1995 - Present
521 _bSubscribed through National Knowledge Resource Consortium (NKRC)
856 _uhttps://www.sciencedirect.com/science/journal/00796786
_yClick Here to Access eJournal
942 _cEJ
999 _c35606
_d35606